Engineering economy

Αποθηκεύτηκε σε:
Λεπτομέρειες βιβλιογραφικής εγγραφής
Κύριος συγγραφέας: Thuesen, G. J. 1938-
Άλλοι συγγραφείς: Farbrycky, W.J
Μορφή: Βιβλίο
Γλώσσα:English
Δημοσίευση: Upper Saddle River, NJ : Prentice Hall, c2001
Έκδοση:9th ed.
Σειρά:Prentice Hall international series in industrial and systems engineering
Θέματα:
Ετικέτες: Προσθήκη ετικέτας
Δεν υπάρχουν, Καταχωρήστε ετικέτα πρώτοι!

MARC

LEADER 00000nam a2200000 i 4500
001 1/14293
008 001204s2001 eng d
020 |a 0-13-028128-X 
035 |l 10064947 
040 |a GR-MY-UA  |b gre  |e aacr 
041 0 |a eng 
082 0 |a 658.155 
100 1 |a Thuesen, G. J.  |d 1938- 
245 1 0 |a Engineering economy /  |c G.J.Thuesen, W.J.Fabrycky 
250 |a 9th ed. 
260 |a Upper Saddle River, NJ :   |b Prentice Hall,   |c c2001 
300 |a xiv, 637 p. 
490 1 |a Prentice Hall international series in industrial and systems engineering 
504 |a Includes bibliographical references qnd index 
650 0 0 |a Engineering economy. 
700 1 |a Farbrycky, W.J. 
830 0 |a Prentice Hall international series in industrial and systems engineering 
852 |a INST  |b CHIOS  |e 20001204  |h 658.155 THU  |p 005200017073  |q 005200017073  |t BK  |y 0 
901 |a BIBL2-2000-3 
909 |a Χ  |b 082422 
922 |a 2ΕΛΗ  |b 200010  |c ΤΜΟΔ  |d ΜΙΧΑΛΟΠΟΥΛΟΣ 
950 |a 186-2000-09-14 
970 |a ΣΑΛΑΜΟΥΡΑ  |b ΜΑΡΙΑ  |z 2001/01/08